000 00977nas a2200325 4500
001 BR9705186
003 BR-BrBNA
005 20231205100616.0
007 ta
008 230509b bl.|||p| |||| 00| 00por d
040 _aBR-BrBNA
_bpor
_cBiblioteca Nacional de Agricultura
041 _a(Pt)
072 _aH50
100 1 _aDornelles, A.L.C.
100 1 _aCarvalho, F.I.F. de
100 1 _aFederizzi, L.C.
100 1 _aSereno, M.J.C. de M.
100 1 _aAmaral, A.
100 1 _aMittelmann, A.
245 1 _aAvaliacao simultanea para tolerancia ao aluminio e sensibilidade ao acido giberelico em trigo hexaploide
650 _aTrigo
650 _aFitotoxicidade
650 _aAcido Giberelico
650 _aRaiz
650 _aGenotipo
650 _aResiduo Quimico
773 0 _tPesquisa Agropecuaria Brasileira (Brazil)
_xISSN 0100-204X
_g(Sep 1997), v. 32(9) p. 893-896
_wBR9705186
909 _a202311
_bLúcia
_c55
_dLúcia Elande
942 _2AGRIS
_n0
_cANA
999 _c156988
_d156988